Cluedo - Statistiques

Statistiques générales
  • Ce quiz a été pris 236 fois
  • Le résultat moyen est 13 sur 21
Statistiques - réponses
Suspects % Correct
Moutarde
97%
Cuisine
91%
Rose
90%
Corde
89%
Violet
85%
Olive
84%
Chandelier
81%
Pervenche
77%
Salle à Manger
74%
Revolver
72%
Leblanc
61%
Poignard
57%
Bibliothèque
52%
Bureau
50%
Hall
49%
Clé Anglaise
48%
Matraque
38%
Véranda
38%
Grand Salon
25%
Petit Salon
25%
Studio
8%
Aucun quiz correspondant
Distribution des résultats
% des personnes avec chaque résultat
Percentile par nombre de réponses
Votre historique - résultats
Vous n’avez pas pris ce quiz